000 00318nam a2200121Ia 4500
008 190216s9999||||xx |||||||||||||| ||und||
100 _aSaimir Kumar Ghosh
245 0 _aText Book Of Advanced Practical Physics
260 _bNew Age International Publishers
_c2001
300 _a544p
650 _aPhysics
942 _cBK
999 _c33661
_d33661